| 000 | 00445nam a2200133Ia 4500 | ||
|---|---|---|---|
| 003 | GCL | ||
| 008 | 140319s9999 xx 000 0 ara d | ||
| 040 |
_aGCL / _cGCL |
||
| 082 | 0 | 4 |
_a327.114 _bا غ |
| 245 | 1 | 0 | _aالغزو اليهودى للمياه العربية حلم توراتى قديم وعمل لتحقيقه مستديم |
| 260 |
_a[S.N] : _bدار النفائس للطباعة والنشر ، _c1992 |
||
| 300 | _a167 ص | ||
| 490 | _a | ||
| 999 |
_c29711 _d29711 |
||